Výstupní práh v CRR3
V Úradnom vestníku EÚ vyšli 19. júna 2024 dva dôležité právne dokumenty, ktoré završujú takmer trojročný legislatívny proces v EÚ. Konkrétne ide o novely nariadenia tzv. CRR3 a smernice tzv. CRD6 o kapitálových požiadavkách, ktorými sa do unijného práva prevádza posledná fáza reforiem štandardu Base...
Gespeichert in:
| 1. Verfasser: | |
|---|---|
| Format: | Buchkapitel |
| Sprache: | Tschechisch |
| Schlagworte: | |
| Tags: |
Keine Tags, Fügen Sie das erste Tag hinzu!
|
MARC
| LEADER | 00000naa a2200000 4500 | ||
|---|---|---|---|
| 001 | 0307085 | ||
| 005 | 20250218092716.5 | ||
| 041 | 0 | |a cze | |
| 044 | |a CZ | ||
| 245 | 1 | 0 | |a Výstupní práh v CRR3 |c Helena Sůvová |
| 520 | |a V Úradnom vestníku EÚ vyšli 19. júna 2024 dva dôležité právne dokumenty, ktoré završujú takmer trojročný legislatívny proces v EÚ. Konkrétne ide o novely nariadenia tzv. CRR3 a smernice tzv. CRD6 o kapitálových požiadavkách, ktorými sa do unijného práva prevádza posledná fáza reforiem štandardu Basel III a ktoré určujú obozretnostnú reguláciu bankového sektora. | ||
| 610 | 2 | 0 | |a bankovníctvo |
| 610 | 2 | 0 | |a banky |
| 610 | 2 | 0 | |a primeranosť kapitálová |
| 610 | 2 | 0 | |a regulácia |
| 610 | 2 | 0 | |a smernice |
| 610 | 2 | 0 | |a legislatíva |
| 610 | 2 | 0 | |a Európska únia |
| 100 | 1 | |a Sůvová, Helena | |